000 00620nmm a2200193Ia 4500
008 251105s9999||||xx |||||||||||||||||und||
020 _a9788415538752
041 _aspa
100 _aSabirón Sierra, Fernando
245 0 _aOrientación para el aprendizaje a lo largo de la vida: modelos y tendencias
264 _a[Madrid, España] :
_bPrensas Universitarias de Zaragoza,
_c2012
300 _a247 páginas
490 _aTextos Docentes
650 _aEducation
700 _aSabirón Sierra, Fernando
700 1 _a Arraiz Pérez, Ana
856 _uhttps://public.digitaliapublishing.com/a/51211
942 _cCF
999 _c70918
_d70918